| Tag |
First Indicator |
Second Indicator |
Subfields |
| LEADER |
00000cam a22000004a 4500 |
| 001 |
in00002000241 |
| 005 |
20151031123637.0 |
| 008 |
030417m20049999flua bf 001 0 eng |
| 010 |
|
|
|a 2003051451
|
| 015 |
|
|
|a GBA4-Z2696
|
| 020 |
|
|
|a 0849317460 (v. 1 : alk. paper)
|
| 020 |
|
|
|a 0849317509 (v. 5 : alk. paper)
|
| 020 |
|
|
|a 0849317517 (v. 6 : alk. paper)
|
| 020 |
|
|
|a 0849317479 (v. 2)
|
| 020 |
|
|
|a 0849317495 (v. 4)
|
| 020 |
|
|
|a 0849317525
|
| 020 |
|
|
|a 0849317487 (v. 3)
|
| 035 |
|
|
|a (OCoLC)ocm52134750
|
| 040 |
|
|
|a DLC
|c DLC
|d C#P
|d UKM
|d TXA
|d UtOrBLW
|
| 042 |
|
|
|a pcc
|
| 049 |
|
|
|a TXAM
|
| 050 |
0 |
0 |
|a RS200
|b .N53 2004
|
| 082 |
0 |
0 |
|a 615/.19
|2 21
|
| 100 |
1 |
|
|a Niazi, Sarfaraz,
|d 1949-
|
| 245 |
1 |
0 |
|a Handbook of pharmaceutical manufacturing formulations /
|c Sarfaraz K. Niazi.
|
| 264 |
|
1 |
|a Boca Raton :
|b CRC Press,
|c <2004->
|
| 300 |
|
|
|a <volumes 1, 5-6> :
|b illustrations ;
|c 29 cm.
|
| 336 |
|
|
|a text
|b txt
|2 rdacontent
|
| 337 |
|
|
|a unmediated
|b n
|2 rdamedia
|
| 338 |
|
|
|a volume
|b nc
|2 rdacarrier
|
| 504 |
|
|
|a Includes bibliographical references and index.
|
| 505 |
1 |
|
|a -- v. 5. Over-the-counter products -- v. 6. Sterile drugs.
|
| 650 |
|
0 |
|a Drugs
|x Dosage forms
|v Handbooks, manuals, etc.
|
| 994 |
|
|
|a C0
|b TXA
|
| 948 |
|
|
|a cataloged
|b h
|c 2004/10/18
|d c
|e bhartsfi
|f 7:47:36 am
|
| 999 |
|
|
|a MARS
|
| 999 |
f |
f |
|s 649030e7-c63d-3f62-a884-06111d8163a1
|i a1fb8fbf-51dd-39dc-bf83-fbebd297773d
|t 0
|
| 952 |
f |
f |
|p ric
|a Texas A&M University
|b Rellis Campus
|c Joint Library Facility
|d Remote Storage
|t 0
|e RS200 .N53 2004
|h Library of Congress classification
|i unmediated -- volume
|k v.1
|m A14831285290
|
| 998 |
f |
f |
|a RS200 .N53 2004
|s v.1
|t 0
|l Remote Storage
|